000
00408nam a2200133Ia 4500
008
230917s9999||||xx |||||||||||||| ||und||
040
_e
167504
_a
MAIN
041
_a
English
082
_a
891.432741 PG886T
100
_a
प्रसाद, गोरीशंकर
245
0
_a
टीपू सुलतान
260
_a
लखनऊ
_b
रा. प्रकाशन मन्दिर
_c
1982
942
_c
HN
999
_c
44868
_d
44868